Denver Broncos 2025-26 Roster - Statistics

General Stats
  • This quiz has been taken 45 times
  • The average score is 16 of 36
Answer Stats
Hint Answer % Correct
QB Bo Nix
100%
WR Courtland Sutton
92%
RB JK Dobbins
89%
RB RJ Harvey
73%
WR Marvin Mims
70%
WR Troy Franklin
70%
TE Evan Engram
65%
WR Pat Bryant
62%
TE Adam Trautman
57%
RB Jaleel McLaughlin
54%
LT Garett Bolles
51%
CB Pat Surtain
51%
RG Quinn Meinerz
51%
Edge Nik Bonitto
49%
CB Riley Moss
49%
CB Jahdae Barron
43%
ILB Alex Singleton
41%
LG Ben Powers
41%
ILB Dre Greenlaw
41%
FB Adam Prentice
38%
SS Talanoa Hufanga
38%
K Will Lutz
38%
CB Ja'Quan McMillian
35%
Edge Jonathan Cooper
35%
RT Mike McGlinchey
35%
DE Zach Allen
35%
C Luke Wattenberg
32%
FS Brandon Jones
30%
NT DJ Jones
30%
DE John Franklin-Myers
30%
NT Malcolm Roach
27%
P Jeremy Crawshaw
24%
ILB Justin Strnad
22%
LS Mitchell Fraboni
19%
Edge Dondrea Tillman
14%
Edge Jonah Elliss
14%
No matching quizzes found
Score Distribution
Percent of People with Each Score
Percentile by Number Answered
Your Score History
You have not taken this quiz